Autoportrét 1938-46 a další partie z tohoto období /

Hlavní autor: Alechin, Aleksandr Aleksandrovič, 1892-1946
Další autoři: Čížek, Antonín, 1963-
Jazyk: Čeština
Vydáno: [Ostrožská Nová Ves] : Galerie Dolmen, 2018
Témata:
Fyzický popis: 255 stran : ilustrace, portréty, faksimile ; 21 cm
Knihy
Uloženo v:
LEADER 02725cam a2200697 i 4500
001 nkc20183000050
003 CZ PrNK
005 20181018081704.0
007 ta
008 180413s2018 xr ach e 001 0acze d
015 |a cnb003000050 
020 |a 978-80-87303-47-4  |q (brožováno) 
035 |a (OCoLC)1056249575 
040 |a CBA001  |b cze  |d BOA001  |e rda 
041 1 |a cze  |h rus 
043 |a e-ru--- 
045 |a x3x4 
072 7 |a 794  |x Deskové a stolní hry, logické hry, hry zručnosti  |2 Konspekt  |9 20 
072 7 |a 929  |x Biografie  |2 Konspekt  |9 8 
080 |a 794.1-051  |2 MRF 
080 |a 929  |2 MRF 
080 |a 794.1  |2 MRF 
080 |a 794.12  |2 MRF 
080 |a 794.1.093.43  |2 MRF 
080 |a (470+571)  |2 MRF 
080 |a (0:82-94)  |2 MRF 
080 |a (048.8)  |2 MRF 
100 1 |a Alechin, Aleksandr Aleksandrovič,  |d 1892-1946  |7 jn20000700024  |4 aut 
245 1 0 |a Autoportrét 1938-46 a další partie z tohoto období /  |c Alexandr Aljechin ; sestavil Antonín Čížek 
264 1 |a [Ostrožská Nová Ves] :  |b Galerie Dolmen,  |c 2018 
300 |a 255 stran :  |b ilustrace, portréty, faksimile ;  |c 21 cm 
336 |a text  |b txt  |2 rdacontent 
337 |a bez média  |b n  |2 rdamedia 
338 |a svazek  |b nc  |2 rdacarrier 
500 |a "Z různých zdrojů sestavil a přeložil Antonín Čížek"--Rub titulní stránky 
500 |a Přeloženo z ruštiny? 
504 |a Obsahuje bibliografii, bibliografické odkazy a rejstřík 
600 1 7 |a Alechin, Aleksandr Aleksandrovič,  |d 1892-1946  |7 jn20000700024  |2 czenas 
648 7 |a 19.-20. století  |7 ch757015  |2 czenas 
648 4 |a 1938-1946 
648 7 |a 20. století  |7 ch460558  |2 czenas 
650 0 7 |a šachisté  |7 ph138266  |z Rusko  |y 19.-20. století  |2 czenas 
650 0 7 |a šachy  |7 ph116822  |2 czenas 
650 0 7 |a šachové partie  |7 ph127792  |y 20. století  |2 czenas 
650 0 7 |a šachové turnaje  |7 ph127793  |y 20. století  |2 czenas 
650 0 9 |a chess players  |z Russia  |y 19th-20th centuries  |2 eczenas 
650 0 9 |a chess  |2 eczenas 
650 0 9 |a chess games  |y 20th century  |2 eczenas 
650 0 9 |a chess tournaments  |y 20th century  |2 eczenas 
655 7 |a přehledy  |7 fd133202  |2 czenas 
655 7 |a autobiografické vzpomínky  |7 fd131854  |2 czenas 
655 9 |a surveys  |2 eczenas 
655 9 |a autobiographical reminiscences  |2 eczenas 
700 1 |a Čížek, Antonín,  |d 1963-  |7 osa2016921000  |4 com  |4 trl 
910 2 |a BOA001  |b PK-Š-0002.426 
920 |a 0776990  |z CBA001 
990 |a BK 
995 |a 01 
991 |b 201809  |c NOV 
996 6 |b 2610754128  |c PK-Š-0002.426  |l MZK  |r Sklad / do 1 hodiny  |n 0  |p p.v.  |w 001685422  |u 000010  |a 1  |e BOA001  |j MZK50  |s P 
996 7 |b 2610756783  |c PK-Š-0002.426  |l MZK  |r Sklad / do 1 hodiny  |n 1  |p kup  |w 001685422  |u 000020  |a 1  |e BOA001  |j MZK50  |s A